000 00327nam a22001457a 4500
008 221212b ||||| |||| 00| 0 eng d
020 _a978047115228691
041 _aeng
080 _2FIFTH EDITION
_a91
082 _a91SKI
100 _a19.2
101 _aGEOLO
245 _aDYNAMIC EARTH
_cSKINNER J B
942 _2udc
_cBK
999 _c59154
_d59154